[Event "World Junior Championship"]
[Site "Yerevan ARM"]
[Date "2006.10.04"]
[EventDate "2006.10.03"]
[Round "2"]
[Result "1-0"]
[White "Levon Babujian"]
[Black "Maxim Rodshtein"]
[WhiteElo "2394"]
[BlackElo "2517"]
[PlyCount "85"]

1. e4 c5 2. Nf3 e6 3. d4 cxd4 4. Nxd4 a6 5. Nc3 d6 6. Be2 Nd7
7. O-O Ngf6 8. f4 b5 9. Bf3 Bb7 10. e5 Bxf3 11. Nxf3 Ng4
12. Qe2 b4 13. Na4 Nb6 14. Ng5 Nxa4 15. Qxg4 g6 16. a3 Be7
17. axb4 Nb6 18. exd6 Qxd6 19. Be3 Nd5 20. Bc5 Qc7 21. Bd4 h5
22. Nxe6 Qc4 23. Qf3 fxe6 24. Bxh8 Bxb4 25. Qd3 Qxd3 26. cxd3
a5 27. Be5 Bc5+ 28. d4 Bb4 29. Rfc1 Kd7 30. Rc2 Ra7 31. Rac1
Rb7 32. Rc6 Bd2 33. R1c2 Be3+ 34. Kf1 Rb4 35. R6c4 Rb3 36. Rc5
g5 37. f5 Bf4 38. Bxf4 gxf4 39. fxe6+ Kxe6 40. Re2+ Kd6
41. Rxa5 Ne3+ 42. Ke1 Rd3 43. Rd2 1-0

[Event "World Junior Championship"]
[Site "Yerevan ARM"]
[Date "2006.10.05"]
[EventDate "2006.10.03"]
[Round "3"]
[Result "1-0"]
[White "Maxim Rodshtein"]
[Black "Sergei Matsenko"]
[WhiteElo "2517"]
[BlackElo "2363"]
[PlyCount "157"]

1. d4 d5 2. c4 c6 3. Nf3 Nf6 4. Nc3 e6 5. e3 Nbd7 6. Qc2 Bd6
7. g4 Nxg4 8. Rg1 f5 9. h3 Ngf6 10. Rxg7 Ne4 11. Bd2 Qf6
12. Rg2 Nf8 13. O-O-O Ng6 14. Bd3 Bd7 15. Rdg1 Bc7 16. Ng5
O-O-O 17. Nxh7 Rxh7 18. Rxg6 Qh4 19. Be1 Qxh3 20. Na4 f4
21. Bxe4 dxe4 22. Qe2 Be8 23. Rg8 Bh5 24. Qd2 Rh8 25. R8g7 b6
26. c5 Qf3 27. cxb6 axb6 28. Qc2 fxe3 29. Nxb6+ Kb8 30. Qb3
Qd1+ 31. Qxd1 Bxd1 32. Nd7+ Kc8 33. fxe3 Rxd7 34. Rxd7 Kxd7
35. Kxd1 Rh3 36. Rg7+ Kc8 37. Bf2 Rh1+ 38. Rg1 Rh2 39. Ke1 e5
40. dxe5 Bxe5 41. b3 Kd7 42. Kf1 Ke6 43. Rg6+ Bf6 44. Bg3 Rh8
45. Rg4 Kd5 46. Rf4 Ke5 47. Kg2 Ra8 48. a4 c5 49. Rh4+ Kf5
50. Rh5+ Kg4 51. Rxc5 Rd8 52. Rc2 Rd3 53. Bf4 Rxb3 54. Ra2 Bd4
55. Kf2 Ba7 56. a5 Kf5 57. Ra4 Rb2+ 58. Ke1 Rc2 59. Kd1 Rc5
60. Kd2 Rc6 61. a6 Rc5 62. Bh6 Rc7 63. Ra5+ Ke6 64. Bf4 Rc6
65. Ke2 Kd7 66. Be5 Kc8 67. Bd4 Kb8 68. Kd2 Ka8 69. Ra4 Rd6
70. Kc3 Rc6+ 71. Kd2 Re6 72. Bxa7 Kxa7 73. Kc3 Rd6 74. Rxe4
Kxa6 75. Rb4 Ka5 76. Rb1 Re6 77. Kd4 Re8 78. e4 Ka6 79. e5 1-0

[Event "World Junior Championship"]
[Site "Yerevan ARM"]
[Date "2006.10.06"]
[EventDate "2006.10.03"]
[Round "4"]
[Result "0-1"]
[White "Deep Sengupta"]
[Black "Maxim Rodshtein"]
[WhiteElo "2420"]
[BlackElo "2517"]
[PlyCount "134"]

1. e4 e6 2. Nf3 d5 3. Nc3 Nf6 4. e5 Nfd7 5. d4 c5 6. dxc5 Nc6
7. Bf4 Bxc5 8. Bd3 f6 9. exf6 Nxf6 10. Qe2 O-O 11. O-O-O Bd7
12. Ne5 Bd6 13. Ng6 Bxf4+ 14. Nxf4 Qa5 15. a3 a6 16. h4 b5
17. g4 b4 18. axb4 Qxb4 19. Nh5 Nxh5 20. gxh5 Rab8 21. Rdg1
Qxb2+ 22. Kd2 Qb4 23. Qg4 Rxf2+ 24. Ke1 Rf7 25. Qxb4 Nxb4
26. Rh3 e5 27. Rhg3 Rb6 28. Kd2 e4 29. Be2 Kf8 30. Rg5 h6
31. Re5 Rf5 32. Rxf5+ Bxf5 33. Na4 Rf6 34. c3 Nc6 35. Bxa6 Ne5
36. Be2 Nf3+ 37. Bxf3 exf3 38. Ke3 Bg4 39. Nc5 f2 40. Rf1 Rf3+
41. Kd2 Bxh5 42. Nd3 Ke7 43. Rxf2 Rxf2+ 44. Nxf2 Kf6 45. Kd3
Kf5 46. Ke3 Be8 47. Kd4 Kf4 48. Kxd5 Kg3 49. Ne4+ Kxh4 50. Nd6
Bd7 51. Ke4 Kg3 52. Ke3 h5 53. Ne4+ Kg4 54. Nf2+ Kf5 55. Kf3
g5 56. Nd3 h4 57. Kg2 g4 58. c4 Bc6+ 59. Kh2 Ke4 60. Nb4 Bd7
61. c5 Kf3 62. c6 g3+ 63. Kg1 Bf5 64. c7 h3 65. Nd3 h2+
66. Kh1 Be4 67. Nc5 Bd5 0-1

[Event "World Junior Championship"]
[Site "Yerevan ARM"]
[Date "2006.10.07"]
[EventDate "2006.10.03"]
[Round "5"]
[Result "1/2-1/2"]
[White "Maxim Rodshtein"]
[Black "Evgeny Romanov"]
[WhiteElo "2517"]
[BlackElo "2500"]
[PlyCount "126"]

1. d4 Nf6 2. c4 e6 3. Nf3 c5 4. d5 exd5 5. cxd5 d6 6. Nc3 g6
7. Nd2 Bg7 8. Nc4 O-O 9. g3 b6 10. a4 Ba6 11. Nb5 Bxb5
12. axb5 Nbd7 13. Bf4 Ne8 14. Bg2 Qe7 15. O-O Ne5 16. Bxe5
Bxe5 17. Nxb6 Rb8 18. Nc4 Rxb5 19. Qc2 Bg7 20. Ra2 Nf6 21. Bf3
Ra8 22. Ra6 Nd7 23. Rxd6 Ne5 24. b3 Rab8 25. Ra6 Nxf3+
26. exf3 Rxb3 27. Na5 Rb2 28. Qe4 Re8 29. Re1 Qxe4 30. Rxe4
Rxe4 31. fxe4 f5 32. exf5 gxf5 33. Rxa7 Rd2 34. Rd7 Bd4 35. d6
Rxf2 36. Nc6 Rd2+ 37. Kf1 c4 38. Rc7 c3 39. d7 Bf6 40. Ke1 Rd6
41. Ke2 Rd2+ 42. Kf3 c2 43. d8=Q+ Bxd8 44. Nxd8 Rxd8 45. Rxc2
Kg7 46. Kf4 Rd5 47. Rc7+ Kg6 48. Rc6+ Kg7 49. h4 Ra5 50. Kg5
h6+ 51. Kf4 Ra4+ 52. Kxf5 Ra5+ 53. Kg4 Ra4+ 54. Kh3 h5 55. Rc2
Kg6 56. Kg2 Ra3 57. Kf2 Rb3 58. Rc6+ Kg7 59. Re6 Ra3 60. Re3
Rxe3 61. Kxe3 Kf7 62. Kd3 Ke7 63. Ke4 Ke6 1/2-1/2

[Event "World Junior Championship"]
[Site "Yerevan ARM"]
[Date "2006.10.08"]
[EventDate "2006.10.03"]
[Round "6"]
[Result "1-0"]
[White "Georg Meier"]
[Black "Maxim Rodshtein"]
[WhiteElo "2484"]
[BlackElo "2517"]
[PlyCount "67"]

1. e4 c5 2. Nf3 e6 3. d4 cxd4 4. Nxd4 a6 5. Bd3 Bc5 6. Nb3 Be7
7. Qg4 g6 8. Qe2 d6 9. Be3 Nd7 10. N1d2 Qc7 11. f4 Ngf6 12. g4
b6 13. O-O-O Bb7 14. g5 Nh5 15. Rhf1 d5 16. f5 dxe4 17. Bxe4
Bxe4 18. Nxe4 exf5 19. Nd6+ Kf8 20. Nxf5 Re8 21. Nxe7 Rxe7
22. Qd2 Kg7 23. Bd4+ Ne5 24. Bc3 Rhe8 25. Bb4 h6 26. gxh6+ Kh7
27. Bxe7 Rxe7 28. Qd8 Ng4 29. Qxc7 Rxc7 30. Rd2 Kxh6 31. Nd4
f5 32. Nf3 Rc6 33. Re1 Nhf6 34. h3 1-0

[Event "World Junior Championship"]
[Site "Yerevan ARM"]
[Date "2006.10.09"]
[EventDate "2006.10.03"]
[Round "7"]
[Result "1/2-1/2"]
[White "Maxim Rodshtein"]
[Black "Davit Maghalashvili"]
[WhiteElo "2517"]
[BlackElo "2459"]
[PlyCount "131"]

1. d4 d5 2. c4 e6 3. Nf3 Nf6 4. g3 Be7 5. Bg2 O-O 6. O-O dxc4
7. Qc2 a6 8. Qxc4 b5 9. Qc2 Bb7 10. Bd2 Be4 11. Qc1 Bb7 12. a3
Qc8 13. b4 Nbd7 14. Bf4 Bd6 15. Nc3 Bc6 16. Re1 Qb7 17. Bxd6
cxd6 18. Qf4 Bxf3 19. Bxf3 d5 20. Na2 Nb6 21. Nc1 Nc4 22. Nb3
Qb6 23. g4 Ra7 24. h4 Nd7 25. e4 dxe4 26. Bxe4 Nf6 27. Bd3 Nd5
28. Qe4 g6 29. Qf3 Qd8 30. Qg3 Qf6 31. Rec1 Ndb6 32. g5 Qd8
33. Re1 Rd7 34. Bf1 Rd5 35. Bg2 Rd6 36. Re2 e5 37. Nc5 Rxd4
38. Rae1 Nd7 39. Ne4 f5 40. gxf6 Nxf6 41. Nxf6+ Qxf6 42. h5
Kg7 43. Re4 Rfd8 44. hxg6 hxg6 45. Rxd4 Rxd4 46. Be4 Qe6
47. Kh1 Qd6 48. Kh2 Qb6 49. Kg1 Qd6 50. Kg2 Qe6 51. Kf1 Nd6
52. Bg2 Nf7 53. Rc1 Rc4 54. Rd1 e4 55. Kg1 Qf5 56. Re1 Ng5
57. Qb8 Qf6 58. Rd1 Rc2 59. Qa7+ Kh6 60. Kf1 Rc3 61. Qd4 Qxd4
62. Rxd4 Rxa3 63. Bxe4 Ne6 64. Rd6 Nf4 65. f3 Ra2 66. Bb7
1/2-1/2

[Event "World Junior Championship"]
[Site "Yerevan ARM"]
[Date "2006.10.11"]
[EventDate "2006.10.03"]
[Round "8"]
[Result "0-1"]
[White "Vardan Movsisian"]
[Black "Maxim Rodshtein"]
[WhiteElo "2293"]
[BlackElo "2517"]
[PlyCount "98"]

1. e4 e6 2. d4 d5 3. Nd2 c5 4. dxc5 Bxc5 5. Bd3 Nf6 6. Qe2 Nc6
7. Ngf3 O-O 8. O-O Bb6 9. e5 Nd7 10. Nb3 f6 11. exf6 Nxf6
12. Bg5 Qd6 13. Rae1 Bc7 14. c4 Ne4 15. c5 Nxc5 16. Nxc5 Nd4
17. Bxh7+ Kh8 18. Qe5 Nxf3+ 19. gxf3 Qxe5 20. Rxe5 Bxe5
21. Bg6 Bf6 22. Bd2 e5 23. Re1 Bh3 24. Nd3 Kg8 25. Nxe5 Bxe5
26. Rxe5 Rxf3 27. Rxd5 Raf8 28. Rh5 Bf5 29. Bxf5 R8xf5
30. Rxf5 Rxf5 31. f4 Rd5 32. Bc3 g6 33. Kg2 Rd3 34. a3 Kf7
35. f5 gxf5 36. Kf2 Ke6 37. Kg2 f4 38. Kf2 Kf5 39. Kg2 Kg4
40. Kf2 Rh3 41. Kg2 f3+ 42. Kg1 Rh7 43. Be5 Re7 44. Bd4 b6
45. Bc3 Re2 46. a4 Rg2+ 47. Kf1 Rxh2 48. b4 Ra2 49. a5 b5 0-1

[Event "World Junior Championship"]
[Site "Yerevan ARM"]
[Date "2006.10.12"]
[EventDate "2006.10.03"]
[Round "9"]
[Result "1-0"]
[White "Maxim Rodshtein"]
[Black "Abhijeet Gupta"]
[WhiteElo "2517"]
[BlackElo "2481"]
[PlyCount "95"]

1. d4 d5 2. c4 c6 3. Nf3 Nf6 4. Nc3 dxc4 5. a4 Bg4 6. Ne5 Bh5
7. f3 e6 8. g4 Bg6 9. h4 c5 10. dxc5 Nc6 11. Nxc6 Qc7 12. Qd4
Qxc6 13. Qxc4 Bxc5 14. Qb5 h5 15. g5 Nd5 16. e4 Nb4 17. Qxb4
Bxb4 18. Bb5 O-O-O 19. Bxc6 bxc6 20. Be3 Kb7 21. Ke2 Rd7
22. Rhc1 a5 23. Na2 Be7 24. b4 axb4 25. Nxb4 Bxb4 26. Rab1 Ka8
27. Rxb4 Rb7 28. Bb6 Rc8 29. a5 f5 30. Ke3 fxe4 31. fxe4 Rd7
32. a6 c5 33. Rxc5 Rxc5 34. Bxc5 Be8 35. Kf4 Rc7 36. Bd4 g6
37. Ke5 Bc6 38. Kd6 Rc8 39. Be3 e5 40. Rc4 Bd7 41. Rxc8+ Bxc8
42. a7 Bh3 43. Kxe5 Bg2 44. Bc5 Kb7 45. Kd4 Bh3 46. e5 Bg4
47. Bb6 Bf3 48. e6 1-0

[Event "World Junior Championship"]
[Site "Yerevan ARM"]
[Date "2006.10.13"]
[EventDate "2006.10.03"]
[Round "10"]
[Result "1-0"]
[White "Zaven Andriasian"]
[Black "Maxim Rodshtein"]
[WhiteElo "2463"]
[BlackElo "2517"]
[PlyCount "77"]

1. e4 e6 2. d4 d5 3. Nd2 c5 4. exd5 Qxd5 5. Ngf3 cxd4 6. Bc4
Qd6 7. O-O Nf6 8. Nb3 Nc6 9. Nbxd4 Nxd4 10. Nxd4 a6 11. Re1
Bd7 12. Bg5 Qc7 13. Bxe6 Bxe6 14. Bxf6 gxf6 15. Nxe6 fxe6
16. Rxe6+ Kf7 17. Qd5 Kg7 18. Qf5 Qf7 19. Rd1 Be7 20. Rd7 Rhe8
21. g3 Rab8 22. h4 h5 23. c4 b6 24. b4 Rbc8 25. Rexe7 Rxe7
26. Rxe7 Qxe7 27. Qxc8 Qxb4 28. Qxa6 Qe1+ 29. Kg2 Qe4+ 30. Kh2
Qd4 31. Kg1 Kh6 32. Qa4 Kg7 33. Qb3 Kg6 34. a3 Kg7 35. Kg2 Qd6
36. Qb5 Kh6 37. a4 Qd4 38. Qd5 Qc3 39. Qd6 1-0

[Event "World Junior Championship"]
[Site "Yerevan ARM"]
[Date "2006.10.14"]
[EventDate "2006.10.03"]
[Round "11"]
[Result "1/2-1/2"]
[White "Maxim Rodshtein"]
[Black "Alexey Kim"]
[WhiteElo "2517"]
[BlackElo "2428"]
[PlyCount "67"]

1. d4 d5 2. c4 e6 3. Nf3 Nf6 4. Nc3 Be7 5. Bg5 O-O 6. e3 h6
7. Bh4 b6 8. Bd3 Bb7 9. O-O Nbd7 10. Qe2 c5 11. Rad1 Ne4
12. Bxe7 Nxc3 13. bxc3 Qxe7 14. cxd5 exd5 15. Qb2 Rfc8 16. a4
Rc7 17. a5 Rb8 18. axb6 axb6 19. Rb1 Bc6 20. h3 b5 21. dxc5
Nxc5 22. Bc2 Ne4 23. Qb4 Qf6 24. Rb3 Bd7 25. Bxe4 dxe4 26. Nd2
Be6 27. Ra3 Bc4 28. Rfa1 Qc6 29. Ra6 Qd5 30. Rd6 Qe5 31. Rd4
Bd5 32. Nxe4 Bxe4 33. Rxe4 Qxc3 34. Rb1 1/2-1/2

[Event "World Junior Championship"]
[Site "Yerevan ARM"]
[Date "2006.10.15"]
[EventDate "2006.10.03"]
[Round "12"]
[Result "0-1"]
[White "Zhou Jianchao"]
[Black "Maxim Rodshtein"]
[WhiteElo "2522"]
[BlackElo "2517"]
[PlyCount "100"]

1. Nf3 Nf6 2. c4 c6 3. d4 d5 4. Nc3 e6 5. Bg5 h6 6. Bh4 dxc4
7. e4 g5 8. Bg3 b5 9. Be2 Bb7 10. h4 g4 11. Ne5 Nbd7 12. Nxg4
b4 13. Nxf6+ Nxf6 14. Na4 Nxe4 15. Be5 Rg8 16. Bxc4 Bd6
17. Qh5 Nf6 18. Qe2 Bxe5 19. dxe5 Nd5 20. Nc5 Qb6 21. Nxb7
Qxb7 22. Bxd5 cxd5 23. O-O Qe7 24. g3 Qxh4 25. Rfc1 Kf8
26. Rc7 Qg4 27. Qe3 Kg7 28. Rac1 h5 29. Kg2 h4 30. Rh1 Rh8
31. Rh3 a5 32. f3 Qg6 33. Rc1 Rad8 34. Qb6 Qd3 35. Rf1 Qe2+
36. Rf2 Qxe5 37. Qxa5 Qd6 38. a3 bxa3 39. bxa3 hxg3 40. Rxg3+
Kf6 41. f4 Rdg8 42. Rff3 Rxg3+ 43. Kxg3 Rg8+ 44. Kf2 Rc8
45. Qe1 Qc5+ 46. Kg3 Ke7 47. Rb3 Qd4 48. Rb7+ Kf6 49. Rb3 Rg8+
50. Kf3 Kf5 0-1

[Event "World Junior Championship"]
[Site "Yerevan ARM"]
[Date "2006.10.16"]
[EventDate "2006.10.03"]
[Round "13"]
[Result "1-0"]
[White "Maxim Rodshtein"]
[Black "Arman Pashikian"]
[WhiteElo "2517"]
[BlackElo "2527"]
[PlyCount "67"]

1. d4 Nf6 2. c4 e6 3. Nf3 b6 4. g3 Ba6 5. Qc2 Bb7 6. Bg2 c5
7. d5 exd5 8. cxd5 Nxd5 9. O-O Be7 10. Rd1 Qc8 11. a3 Nf6
12. Nc3 d5 13. Bg5 d4 14. Bxf6 gxf6 15. Ne4 O-O 16. Rac1 Qe6
17. Nh4 Bc6 18. Nd2 Bxg2 19. Nxg2 Bd6 20. Nf3 Nc6 21. e3 Ne5
22. Nfh4 Rac8 23. Nf4 Qg4 24. h3 Qd7 25. Nh5 Qxh3 26. Qf5 Qxf5
27. Nxf5 Rfd8 28. exd4 Nf3+ 29. Kg2 Nxd4 30. Nxf6+ Kf8
31. Nxh7+ Kg8 32. Nf6+ Kf8 33. Rxd4 cxd4 34. Rh1 1-0

[Event "13th Graz International"]
[Site "Ashdod ISR"]
[Date "2006.09.11"]
[EventDate "2006.09.11"]
[Round "1"]
[Result "1-0"]
[White "Maxim Rodshtein"]
[Black "Yoel Levi"]
[WhiteElo "2494"]
[BlackElo "2018"]
[PlyCount "63"]

1. d4 d5 2. Nf3 Nf6 3. c4 e6 4. Nc3 c6 5. Bg5 Be7 6. e3 O-O
7. Rc1 Nbd7 8. a3 a5 9. Bd3 dxc4 10. Bxc4 Nd5 11. Bxe7 Qxe7
12. O-O Nxc3 13. Rxc3 e5 14. d5 cxd5 15. Qxd5 e4 16. Nd4 Nb6
17. Qb5 Nxc4 18. Qxc4 Qg5 19. Kh1 Re8 20. Rfc1 h5 21. Qc7 Re7
22. Qd8+ Kh7 23. Rxc8 Rxc8 24. Qxc8 g6 25. h3 Qe5 26. Qd8 Re8
27. Qc7 Qf6 28. Qf4 Qxf4 29. exf4 Re7 30. Kg1 Kg7 31. Rf1 e3
32. Re1 1-0

[Event "13th Graz International"]
[Site "Ashdod ISR"]
[Date "2006.09.15"]
[EventDate "2006.09.11"]
[Round "5"]
[Result "1-0"]
[White "Maxim Rodshtein"]
[Black "Israel Caspi"]
[WhiteElo "2494"]
[BlackElo "2306"]
[PlyCount "55"]

1. e4 c5 2. Nf3 d6 3. d4 cxd4 4. Nxd4 Nf6 5. Nc3 e6 6. g4 h6
7. h3 Nc6 8. Bg2 Bd7 9. f4 Qb6 10. Nb3 O-O-O 11. a4 a5 12. Qe2
d5 13. e5 d4 14. exf6 dxc3 15. bxc3 gxf6 16. Be3 Qc7 17. O-O
Bd6 18. Qf2 Rdg8 19. Bb6 Qb8 20. Rad1 Bc7 21. Bxc7 Qxc7
22. Nc5 Rd8 23. Rb1 Rhe8 24. Rxb7 Qd6 25. Rfb1 Re7 26. Na6 Be8
27. Qb6 Qd1+ 28. Kh2 1-0

[Event "13th Graz International"]
[Site "Ashdod ISR"]
[Date "2006.09.17"]
[EventDate "2006.09.11"]
[Round "7"]
[Result "1/2-1/2"]
[White "Maxim Rodshtein"]
[Black "Artur Kogan"]
[WhiteElo "2494"]
[BlackElo "2567"]
[PlyCount "89"]

1. d4 e6 2. c4 Bb4+ 3. Nd2 d5 4. a3 Be7 5. e4 dxe4 6. Nxe4 Nf6
7. Nc3 c5 8. Bf4 O-O 9. dxc5 Bxc5 10. Nf3 Nc6 11. Be2 Qe7
12. O-O Rd8 13. Qc2 b6 14. Rad1 Bb7 15. b4 e5 16. Bg5 Nd4
17. Nxd4 Bxd4 18. Nb5 h6 19. Bh4 g5 20. Bg3 Ne4 21. Nxd4 exd4
22. Bd3 Nxg3 23. fxg3 Re8 24. c5 Bd5 25. Bh7+ Kg7 26. Rxd4
Qe3+ 27. Qf2 Qxf2+ 28. Kxf2 Re5 29. Bd3 bxc5 30. bxc5 Rb8
31. Rb4 Rd8 32. Rd4 Rb8 33. Rb1 Rxb1 34. Bxb1 Bc6 35. Rc4 Kf6
36. Rc3 a5 37. g4 Ke6 38. Ba2+ Ke7 39. g3 f6 40. Re3 Kd7
41. Rxe5 fxe5 42. Bc4 Bh1 43. Bb5+ Ke6 44. Bc4+ Bd5 45. Ba6
1/2-1/2

[Event "13th Graz International"]
[Site "Ashdod ISR"]
[Date "2006.09.18"]
[EventDate "2006.09.11"]
[Round "8"]
[Result "1/2-1/2"]
[White "Jaan Ehlvest"]
[Black "Maxim Rodshtein"]
[WhiteElo "2593"]
[BlackElo "2494"]
[PlyCount "97"]

1. d4 e6 2. c4 Nf6 3. Nf3 b6 4. g3 Ba6 5. b3 Bb4+ 6. Bd2 Be7
7. Bg2 c6 8. O-O d5 9. Qc2 Nbd7 10. Rd1 Rc8 11. Bf4 O-O
12. Nc3 Nh5 13. Bc1 Nhf6 14. e4 dxc4 15. Bf4 h6 16. Nd2 b5
17. bxc4 bxc4 18. Na4 g5 19. Be3 c5 20. d5 exd5 21. exd5 Ng4
22. Nf1 Bf6 23. Rab1 c3 24. h3 Bxf1 25. hxg4 Bxg2 26. Kxg2 Bg7
27. Nxc3 Ne5 28. Qa4 c4 29. Bd4 Nd3 30. Bxg7 Kxg7 31. Qxa7 Qf6
32. Nb5 Ra8 33. Qd4 Rxa2 34. Qxf6+ Kxf6 35. Nd6 Rxf2+ 36. Kg1
Rf3 37. Kg2 Rf2+ 38. Kg1 Rc2 39. Nxc4 Rxc4 40. Rxd3 Rxg4
41. Rb6+ Ke5 42. Rxh6 Rd4 43. Rxd4 Kxd4 44. Rf6 Ke5 45. Rf1 f5
46. Rd1 Kd6 47. Kf2 Ra8 48. Rb1 Ra5 49. Rb8 1/2-1/2

[Event "FSGM August"]
[Site "Budapest HUN"]
[Date "2006.08.10"]
[EventDate "2006.08.05"]
[Round "6"]
[Result "1/2-1/2"]
[White "Dragan Kosic"]
[Black "Maxim Rodshtein"]
[WhiteElo "2506"]
[BlackElo "2494"]
[PlyCount "25"]

1. d4 e6 2. Nf3 Nf6 3. e3 b6 4. Bd3 Bb7 5. O-O Be7 6. c4 O-O
7. Nc3 d5 8. cxd5 exd5 9. b3 Nbd7 10. Bb2 a6 11. Ne5 Bd6
12. f4 Ne4 13. Bxe4 1/2-1/2

[Event "FSGM August"]
[Site "Budapest HUN"]
[Date "2006.08.06"]
[EventDate "2006.08.05"]
[Round "2"]
[Result "1/2-1/2"]
[White "Manuel Leon Hoyos"]
[Black "Maxim Rodshtein"]
[WhiteElo "2436"]
[BlackElo "2494"]
[PlyCount "90"]

1. c4 Nf6 2. Nc3 e5 3. Nf3 Nc6 4. e3 Bb4 5. Qc2 Bxc3 6. Qxc3
Qe7 7. a3 a5 8. b3 d5 9. d4 exd4 10. Nxd4 Nxd4 11. Qxd4 c5
12. Qh4 Qe5 13. Rb1 Bf5 14. Bb2 d4 15. Rc1 Qe6 16. Be2 O-O-O
17. O-O dxe3 18. Rc3 Qe4 19. Qg3 h6 20. Qxe3 Qxe3 21. Rxe3
Rhe8 22. Bc3 b6 23. Rxe8 Nxe8 24. Re1 f6 25. b4 Nd6 26. f3
axb4 27. axb4 Be6 28. bxc5 bxc5 29. Rc1 Rd7 30. Be1 Nf5
31. Bf2 Nd4 32. Bf1 Bf5 33. Ra1 Kb7 34. h3 Ne6 35. Be3 h5
36. g4 hxg4 37. hxg4 Bg6 38. Bg2 Kb6 39. f4 Nd4 40. f5 Bf7
41. Rb1+ Ka6 42. Bf1 g6 43. Ra1+ Kb6 44. Rb1+ Ka6 45. Ra1+ Kb6
1/2-1/2

[Event "FSGM August"]
[Site "Budapest HUN"]
[Date "2006.08.07"]
[EventDate "2006.08.05"]
[Round "3"]
[Result "1-0"]
[White "Maxim Rodshtein"]
[Black "Sasa Martinovic"]
[WhiteElo "2494"]
[BlackElo "2367"]
[PlyCount "79"]

1. d4 d5 2. Nf3 Nc6 3. c4 Bg4 4. cxd5 Bxf3 5. gxf3 Qxd5 6. e3
e6 7. Nc3 Qh5 8. f4 Qxd1+ 9. Kxd1 O-O-O 10. Bg2 Nce7 11. Ke2
Nf5 12. Bd2 Nf6 13. Rhg1 h6 14. Rac1 Kb8 15. Ne4 Nxe4 16. Bxe4
g6 17. Ba5 Rd7 18. d5 exd5 19. Bxf5 gxf5 20. Bc3 f6 21. Bxf6
Rhh7 22. Rg8 Rhf7 23. Bg7 Rd8 24. Bxh6 Kc8 25. Bxf8 Rdxf8
26. Rxf8+ Rxf8 27. Rg1 Rh8 28. Rg5 Rxh2 29. Rxf5 c6 30. Rf8+
Kc7 31. Rf7+ Kc8 32. b4 a6 33. Rg7 d4 34. exd4 Rh5 35. Rg5 Rh3
36. f5 Ra3 37. f6 Kd7 38. Re5 Rxa2+ 39. Kf3 Ra3+ 40. Kg2 1-0

[Event "FSGM August"]
[Site "Budapest HUN"]
[Date "2006.08.09"]
[EventDate "2006.08.05"]
[Round "5"]
[Result "1-0"]
[White "Maxim Rodshtein"]
[Black "Zlatko Ilincic"]
[WhiteElo "2494"]
[BlackElo "2515"]
[PlyCount "91"]

1. d4 Nf6 2. c4 e6 3. Nf3 Bb4+ 4. Nbd2 d5 5. Qa4+ Nc6 6. a3
Be7 7. Ne5 Bd7 8. Nxd7 Qxd7 9. e3 O-O 10. b4 a6 11. Qc2 b5
12. cxd5 exd5 13. Nb3 Ne4 14. Bd3 f5 15. O-O Nd8 16. Bd2 Bd6
17. f3 Nxd2 18. Qxd2 Ne6 19. Qc2 g6 20. Rac1 Ng7 21. g3 Nh5
22. Qc6 Qe7 23. Qxd5+ Kh8 24. Rfe1 Rad8 25. Qc6 Nxg3 26. hxg3
Bxg3 27. Qc2 Bxe1 28. Rxe1 f4 29. e4 Rd5 30. e5 g5 31. Kg2 g4
32. Rh1 gxf3+ 33. Kxf3 Rf7 34. Qh2 Rd7 35. Qh6 Rg7 36. Bf5 Rd8
37. Ke4 f3 38. Qh4 Qxh4+ 39. Rxh4 f2 40. Rf4 Rg2 41. Nc5 Rg1
42. Rxf2 Re1+ 43. Kd3 Rxe5 44. Nb7 Red5 45. Be4 R5d7 46. Bc6
1-0

[Event "FSGM August"]
[Site "Budapest HUN"]
[Date "2006.08.11"]
[EventDate "2006.08.05"]
[Round "7"]
[Result "1-0"]
[White "Maxim Rodshtein"]
[Black "John D Bick"]
[WhiteElo "2494"]
[BlackElo "2247"]
[PlyCount "69"]

1. d4 Nf6 2. c4 e6 3. Nf3 Bb4+ 4. Nbd2 b6 5. a3 Bxd2+ 6. Qxd2
Ne4 7. Qc2 Bb7 8. e3 O-O 9. Be2 d6 10. O-O f5 11. b4 Rf6
12. Bb2 Rg6 13. Rad1 Nd7 14. d5 Kh8 15. dxe6 Nf8 16. c5 Qe7
17. c6 Bc8 18. Bd3 d5 19. Ne5 Rxe6 20. f4 Rh6 21. Bxe4 dxe4
22. Rd8 Rd6 23. Rd1 Kg8 24. R8xd6 cxd6 25. Nc4 d5 26. Rxd5 Be6
27. Rd1 Rc8 28. b5 Qc5 29. Qc3 Qe7 30. a4 Bxc4 31. Qxc4+ Qf7
32. Qxf7+ Kxf7 33. Ba3 Ne6 34. Rd7+ Kg6 35. Rd6 1-0

[Event "FSGM August"]
[Site "Budapest HUN"]
[Date "2006.08.12"]
[EventDate "2006.08.05"]
[Round "8"]
[Result "1/2-1/2"]
[White "Georg Meier"]
[Black "Maxim Rodshtein"]
[WhiteElo "2450"]
[BlackElo "2494"]
[PlyCount "54"]

1. e4 e6 2. d4 d5 3. Nd2 c5 4. exd5 Qxd5 5. Ngf3 cxd4 6. Bc4
Qd6 7. O-O Nf6 8. Nb3 Nc6 9. Nbxd4 Nxd4 10. Nxd4 a6 11. Re1
Bd7 12. c3 Qc7 13. Qe2 Bd6 14. Bg5 O-O-O 15. h3 Kb8 16. a4 Rc8
17. Bb3 h6 18. Be3 g5 19. a5 Rhg8 20. Nf3 Bb5 21. Qd2 Ne4
22. Qd4 Nc5 23. Bc2 e5 24. Qd5 Bc6 25. Qc4 Bb5 26. Qd5 Bc6
27. Qc4 Bb5 1/2-1/2

[Event "FSGM August"]
[Site "Budapest HUN"]
[Date "2006.08.05"]
[EventDate "2006.08.05"]
[Round "13"]
[Result "0-1"]
[White "Gerhard Lorscheid"]
[Black "Maxim Rodshtein"]
[WhiteElo "2294"]
[BlackElo "2494"]
[PlyCount "78"]

1. d4 d6 2. e4 g6 3. Nc3 Bg7 4. Be3 a6 5. a4 Nd7 6. g3 Ngf6
7. Bg2 O-O 8. h3 e5 9. Nge2 exd4 10. Bxd4 Ne5 11. O-O Nc6
12. Be3 Re8 13. g4 Bd7 14. Ng3 h6 15. Re1 Rb8 16. f4 b5
17. axb5 axb5 18. Qd2 b4 19. Nd5 Nh7 20. c3 bxc3 21. bxc3 Ne7
22. Nxe7+ Qxe7 23. Ra7 Bc6 24. Bd4 Bxd4+ 25. cxd4 Rb3 26. Nf1
Nf6 27. Qc2 Rb6 28. Ng3 Reb8 29. Rc1 Ne8 30. Ra3 Bd7 31. Qc3
c6 32. e5 Nc7 33. Qe3 dxe5 34. fxe5 Nd5 35. Bxd5 cxd5 36. Ra7
Rb3 37. Qf2 Qh4 38. Nh5 Qxh3 39. Nf6+ Kg7 0-1

[Event "FSGM August"]
[Site "Budapest HUN"]
[Date "2006.08.05"]
[EventDate "2006.08.05"]
[Round "12"]
[Result "1/2-1/2"]
[White "Maxim Rodshtein"]
[Black "Miklos Nemeth"]
[WhiteElo "2494"]
[BlackElo "2396"]
[PlyCount "217"]

1. d4 Nf6 2. c4 e6 3. Nc3 Bb4 4. Qc2 O-O 5. a3 Bxc3+ 6. Qxc3
b6 7. Nf3 Ba6 8. Bg5 d6 9. Nd2 Nbd7 10. e4 h6 11. Bh4 c5
12. f3 Rc8 13. dxc5 Rxc5 14. Qd4 Ne5 15. Be2 Ng6 16. Bxf6 gxf6
17. g3 f5 18. b4 e5 19. Qf2 Rc7 20. exf5 Ne7 21. f4 e4 22. g4
d5 23. Rd1 Rd7 24. O-O Bb7 25. cxd5 Bxd5 26. Rfe1 Re8 27. Nf1
Bb3 28. Rxd7 Qxd7 29. Qe3 Bc2 30. Ng3 Rd8 31. Nxe4 Nd5 32. Qd4
Bxe4 33. Qxe4 Re8 34. Qd3 Qc6 35. Rf1 Ne3 36. Rf3 Qc1+ 37. Bf1
Nxg4 38. Qc3 Qxc3 39. Rxc3 Kf8 40. h3 Ne3 41. Bb5 Nd5 42. Rc6
Rd8 43. Rxh6 Kg7 44. Rc6 Nxf4 45. Kh2 Rd5 46. f6+ Kg6 47. Bc4
Rd2+ 48. Kg3 Nh5+ 49. Kf3 Nxf6 50. Kf4 Kg7 51. Rc7 a5
52. Rxf7+ Kg6 53. Ke5 Nd7+ 54. Ke6 axb4 55. axb4 b5 56. Bxb5
Nb6 57. Rb7 Nd5 58. Bf1 Rd1 59. Bc4 Nc3 60. Ke5 Kg5 61. b5 Rb1
62. Kd4 Nxb5+ 63. Bxb5 Rb3 64. Ke4 Rxh3 65. Rf7 Rh1 66. Bf1
Rh8 67. Rf5+ Kg6 68. Bb5 Rh1 69. Be8+ Kg7 70. Bc6 Re1+ 71. Kf4
Re6 72. Rc5 Kf6 73. Be4 Ra6 74. Rh5 Ke7 75. Rh7+ Kf8 76. Ke5
Ke8 77. Bd5 Kd8 78. Be6 Rb6 79. Kf6 Ra6 80. Rd7+ Ke8 81. Rd4
Rb6 82. Rc4 Rb8 83. Rc3 Kd8 84. Rc6 Ra8 85. Ke5 Ra7 86. Rc3
Ke7 87. Rg3 Ra5+ 88. Bd5 Ra6 89. Rg7+ Ke8 90. Be6 Kd8 91. Rd7+
Ke8 92. Kf6 Rb6 93. Rd4 Rb7 94. Rc4 Rb8 95. Rd4 Rb6 96. Rd5
Rb7 97. Rd2 Rb6 98. Rg2 Kd8 99. Rc2 Rb8 100. Rc5 Ra8 101. Bd5
Rb8 102. Be6 Ke8 103. Rc7 Kd8 104. Rd7+ Ke8 105. Re7+ Kd8
106. Rd7+ Kc8 107. Re7+ Kd8 108. Rd7+ Ke8 109. Rd4 1/2-1/2